Movies Quiz

Random Movies or Clickable Quiz
Score 0/20 Timer 07:00
2 Plays Today
% Correct
Eddie Murphy
95.6%
Ellen DeGeneres
95.4%
Tim Allen
91.9%
Emma Watson
90.8%
Verne Troyer
81.1%
Sean Astin
78.6%
Johnny Depp
78.4%
Jude Law
77.7%
Sandra Bullock
72.8%
Dana Carvey
72%
% Correct
Chloƫ Grace Moretz
71.2%
Peter Mayhew
68.7%
John Goodman
66.3%
Kevin Smith
65.8%
Anthony Edwards
64.3%
Efren Ramirez
63.8%
Jonathan Ke Quan
60%
Jon Cryer
54.8%
Marty Feldman
53.6%
Ernie Sabella
49.9%
Remove Ads.
Support Sporcle.
Get the best of Sporcle when you Go Orange. This ad-free experience offers more features, more stats, and more fun while also helping to support Sporcle. Thank you for becoming a member.

You're not logged in!

Compare scores with friends on all Sporcle quizzes.
OR
Log In

Sporcle TV

Today on Sporcle TV


Watch our educational content, quiz creation guides, and fun videos on Sporcle TV.

Show Comments

Extras

Top Quizzes Today


Score Distribution

Paid Content

Your Account Isn't Verified!

In order to create a playlist on Sporcle, you need to verify the email address you used during registration. Go to your Sporcle Settings to finish the process.

Report this User

Report this user for behavior that violates our Community Guidelines.

Details: